000 00326nam a2200133Ia 4500
005 20260328104302.0
008 260328s9999||||xx |||||||||||||| ||und||
100 _aKutschmar, Aribert
245 0 _aGrundlagen der Baugestaltung /
_cAribert Kutschmar
260 _bVEB
300 _a112 p.
650 _aHISTORIA
942 _cBK
999 _c10642
_d10642